Celebrity Guests on Friends Quiz Stats

 Plays Quiz Updated Jun 27, 2014

Support Sporcle.
Go Orange.
Score 0/60 Timer 07:00
6 Plays Today
% Correct
Brad Pitt
93.5%
Bruce Willis
93%
Alec Baldwin
87.8%
Christina Applegate
86.6%
Tom Selleck
84.9%
David Arquette
84.5%
Ben Stiller
83.7%
Reese Witherspoon
83.5%
George Clooney
83.2%
Danny DeVito
82.9%
Paul Rudd
82.9%
Julia Roberts
81.7%
Ralph Lauren
81.5%
Brooke Shields
79%
Elle Macpherson
79%
Jean-Claude Van Damme
78.5%
Charlie Sheen
77.4%
Isabella Rossellini
77.2%
Denise Richards
76.2%
Anna Faris
75.9%
Winona Ryder
74.9%
Freddie Prinze Jr.
74.3%
Sean Penn
72.6%
Hank Azaria
72.5%
Susan Sarandon
71.4%
Jeff Goldblum
70.9%
Jill Goodacre
69.6%
Jon Favreau
67.4%
Kathleen Turner
66.7%
Robin Williams
66.7%
% Correct
Giovanni Ribisi
66%
Billy Crystal
65.4%
Dakota Fanning
64.8%
Gary Oldman
64.6%
John Stamos
64.4%
Hugh Laurie
63.8%
Helen Hunt
63.2%
Aisha Tyler
61.5%
Morgan Fairchild
61.4%
Greg Kinnear
60.6%
Jon Lovitz
59.2%
Dermot Mulroney
58.4%
Charlton Heston
56.9%
Noah Wyle
56.9%
Jason Alexander
56.2%
Kristin Davis
55.7%
Christine Taylor
53.6%
Rebecca Romijn
52.9%
Leah Remini
52.2%
Ellen Pompeo
51.8%
Chris Isaak
51.2%
Gabrielle Union
50.1%
Jay Leno
49.8%
Marlo Thomas
48.8%
Donny Osmond
48.7%
Teri Garr
47.2%
Lea Thompson
46.6%
Steve Zahn
45.3%
Selma Blair
44.8%
Michael Vartan
42.1%

From the Vault

Risky Map Clicking: Biggest States A-Z

by sproutcm

This might be the most nerve-wracking mouse click you ever make.
Remove Ads.
Support Sporcle.
Get the best of Sporcle when you Go Orange. This ad-free experience offers more features, more stats, and more fun while also helping to support Sporcle. Thank you for becoming a member.

Show Comments

Extras

Top Quizzes Today


Score Distribution

Your Account Isn't Verified!

In order to create a playlist on Sporcle, you need to verify the email address you used during registration. Go to your Sporcle Settings to finish the process.

Report this User

Report this user for behavior that violates our Community Guidelines.

Details: